Yi lin : [16 juan] /
Disimpan dalam:
| Pengarang Utama: | |
|---|---|
| Pengarang-pengarang Lain: | |
| Format: | Buku |
| Bahasa: | Chinese |
| Diterbitkan: |
[Taibei :
Cheng wen chu ban she,
1976]
|
| Siri: | Wu qiu bei zhai Yi jing ji cheng ;
151-152. |
| Subjek-subjek: | |
| Penanda-penanda: |
Tambah Penanda
Tiada Penanda, Jadilah orang pertama menanda rekod ini!
|
| LEADER | 01560cam a2200337ui 4500 | ||
|---|---|---|---|
| 001 | 007744827-8 | ||
| 005 | 20024617111505.0 | ||
| 008 | 970115r19761445ch 000 0 chi d | ||
| 035 | 0 | |a ocm36212085 | |
| 040 | |a *CVU* |c *CVU* |d *YNH* |d CStRLIN | ||
| 100 | 1 | |6 880-01 |a Jiao, Yanshou, |d active 1st century B.C. | |
| 245 | 1 | 0 | |6 880-02 |a Yi lin : |b [16 juan] / |c Cui Zhuan zhuan. |
| 260 | |6 880-03 |a [Taibei : |b Cheng wen chu ban she, |c 1976] | ||
| 300 | |a 2 v. (812 p.) ; |c 21 cm. | ||
| 490 | 1 | |6 880-04 |a Wu qiu bei zhai Yi jing ji cheng ; |v 151-152 | |
| 500 | |6 880-05 |a [Yi lin] xi ren wei Jiao Yanshou suo zhuan, wei ben shu chu ban zhe gen ju Hu Shi zhuan [Yi lin duan gui Cui Zhuan di pan jue shu] yi wen, nai gai ti Cui Zhuan zhuan. | ||
| 500 | |6 880-06 |a Ju Zhengtong 10 (1445) kan [Dao cang] ben ying yin. | ||
| 630 | 0 | 0 | |6 880-07 |a Yi jing. |
| 700 | 1 | |6 880-08 |a Cui, Zhuan, |d fl 25-35. | |
| 880 | 1 | |6 100-01 |a 焦延壽, |d active 1st century B.C. | |
| 880 | 1 | 0 | |6 245-02 |a 易林 : |b [16卷] / |c 崔篆撰. |
| 880 | |6 260-03 |a [台北 : |b 成文出版社, |c 1976] | ||
| 880 | 1 | |6 490-04 |a 無求備齋易經集成 ; |v 151-152 | |
| 880 | |6 500-05 |a [易林]習認為焦延壽所撰, 惟本書出版者根據胡適撰[易林斷歸崔篆的判決書] 一文, 乃改題崔篆撰. | ||
| 880 | |6 500-06 |a 據正統10 (1445) 刊「道藏」本影印. | ||
| 880 | 0 | 0 | |6 630-07 |a 易經. |
| 880 | 1 | |6 700-08 |a 崔篆, |d fl 25-35. | |
| 830 | 0 | |6 880-54 |a Wu qiu bei zhai Yi jing ji cheng ; |v 151-152. | |
| 880 | 0 | |6 830-54 |a 無求備齋易經集成 ; |v 151-152. | |
| 988 | |a 20021111 | ||
| 906 | |0 OCLC | ||


